000 00275nam a2200109Ia 4500
008 200302s9999 xx 000 0 und d
100 _aIsabel Kuhl and Others
245 _a50 Buildings you should know
260 _bPrestel Publishing Ltd.
260 _c2007
300 _a171 P.,
999 _c4110
_d4110